<?xml version="1.0" encoding="UTF-8"?><?xml-stylesheet type="text/xsl" href="static/style.xsl"?><OAI-PMH xmlns="http://www.openarchives.org/OAI/2.0/" xmlns:xsi="http://www.w3.org/2001/XMLSchema-instance" xsi:schemaLocation="http://www.openarchives.org/OAI/2.0/ http://www.openarchives.org/OAI/2.0/OAI-PMH.xsd"><responseDate>2026-04-14T05:53:40Z</responseDate><request verb="GetRecord" identifier="oai:www.recercat.cat:20.500.12327/3043" metadataPrefix="marc">https://recercat.cat/oai/request</request><GetRecord><record><header><identifier>oai:recercat.cat:20.500.12327/3043</identifier><datestamp>2025-10-22T11:31:33Z</datestamp><setSpec>com_2072_4428</setSpec><setSpec>com_2072_4427</setSpec><setSpec>col_2072_487898</setSpec></header><metadata><record xmlns="http://www.loc.gov/MARC21/slim" xmlns:dcterms="http://purl.org/dc/terms/" xmlns:xsi="http://www.w3.org/2001/XMLSchema-instance" xmlns:doc="http://www.lyncode.com/xoai" xsi:schemaLocation="http://www.loc.gov/MARC21/slim http://www.loc.gov/standards/marcxml/schema/MARC21slim.xsd">
   <leader>00925njm 22002777a 4500</leader>
   <datafield ind2=" " ind1=" " tag="042">
      <subfield code="a">dc</subfield>
   </datafield>
   <datafield ind2=" " ind1=" " tag="720">
      <subfield code="a">Chaves, Aida J.</subfield>
      <subfield code="e">author</subfield>
   </datafield>
   <datafield ind2=" " ind1=" " tag="720">
      <subfield code="a">Busquets, Núria</subfield>
      <subfield code="e">author</subfield>
   </datafield>
   <datafield ind2=" " ind1=" " tag="720">
      <subfield code="a">Valle, Rosa</subfield>
      <subfield code="e">author</subfield>
   </datafield>
   <datafield ind2=" " ind1=" " tag="720">
      <subfield code="a">Rivas, Raquel</subfield>
      <subfield code="e">author</subfield>
   </datafield>
   <datafield ind2=" " ind1=" " tag="720">
      <subfield code="a">Serra Gironella, Joan</subfield>
      <subfield code="e">author</subfield>
   </datafield>
   <datafield ind2=" " ind1=" " tag="720">
      <subfield code="a">Dolz, Roser</subfield>
      <subfield code="e">author</subfield>
   </datafield>
   <datafield ind2=" " ind1=" " tag="720">
      <subfield code="a">Ramis, Antonio</subfield>
      <subfield code="e">author</subfield>
   </datafield>
   <datafield ind2=" " ind1=" " tag="720">
      <subfield code="a">Darji, Ayub</subfield>
      <subfield code="e">author</subfield>
   </datafield>
   <datafield ind2=" " ind1=" " tag="720">
      <subfield code="a">Majó, Natàlia</subfield>
      <subfield code="e">author</subfield>
   </datafield>
   <datafield ind2=" " ind1=" " tag="260">
      <subfield code="c">2011-10-07</subfield>
   </datafield>
   <datafield ind2=" " ind1=" " tag="520">
      <subfield code="a">In order to understand the mechanism of neuroinvasion of a highly pathogenic avian influenza virus (HPAIV) into&#xd;
the central nervous system (CNS) of chickens, specific pathogen free chickens were inoculated with a H7N1 HPAIV.&#xd;
Blood, cerebrospinal fluid (CSF), nasal cavity and brain tissue samples were obtained from 1 to 4 days postinoculation (dpi) of infected and control chickens. Viral antigen topographical distribution, presence of influenza A&#xd;
virus receptors in the brain, as well as, the role of the olfactory route in virus CNS invasion were studied using&#xd;
different immunohistochemistry techniques. Besides, viral RNA load in CSF and blood was quantified by means of a&#xd;
quantitative real-time reverse transcription-polymerase chain reaction. Viral antigen was observed widely distributed&#xd;
in the CNS, showing bilateral and symmetrical distribution in the nuclei of the diencephalon, mesencephalon and&#xd;
rhombencephalon. Viral RNA was detected in blood and CSF at one dpi, indicating that the virus crosses the&#xd;
blood-CSF-barrier early during infection. This early dissemination is possibly favoured by the presence of Siaa2,3&#xd;
Gal and Siaa2,6 Gal receptors in brain vascular endothelial cells, and Siaa2,3 Gal receptors in ependymal and&#xd;
choroid plexus cells. No viral antigen was observed in olfactory sensory neurons, while the olfactory bulb showed&#xd;
only weak staining, suggesting that the virus did not use this pathway to enter into the brain. The sequence of&#xd;
virus appearance and the topographical distribution of this H7N1 HPAIV indicate that the viral entry occurs via the&#xd;
haematogenous route, with early and generalized spreading through the CSF.</subfield>
   </datafield>
   <datafield ind1="8" ind2=" " tag="024">
      <subfield code="a">Chaves, Aida J, Núria Busquets, Rosa Valle, Raquel Rivas, Júlia Vergara-Alert, Roser Dolz, Antonio Ramis, Ayub Darji, and Natàlia Majó. 2011. “Neuropathogenesis of a Highly Pathogenic Avian Influenza Virus (H7N1) in Experimentally Infected Chickens.” Veterinary Research 42 (1): 106. doi: 10.1186/1297-9716-42-106</subfield>
   </datafield>
   <datafield ind1="8" ind2=" " tag="024">
      <subfield code="a">0928-4249</subfield>
   </datafield>
   <datafield ind1="8" ind2=" " tag="024">
      <subfield code="a">http://hdl.handle.net/20.500.12327/3043</subfield>
   </datafield>
   <datafield ind1="8" ind2=" " tag="024">
      <subfield code="a">https://doi.org/10.1186/1297-9716-42-106</subfield>
   </datafield>
   <datafield ind2="0" ind1="0" tag="245">
      <subfield code="a">Neuropathogenesis of a highly pathogenic avian influenza virus (H7N1) in experimentally infected chickens</subfield>
   </datafield>
</record></metadata></record></GetRecord></OAI-PMH>